Dopad ekonomických sankcií na ekonomiku Ruska bakalárska práca

Uložené v:
Podrobná bibliografia
Hlavný autor: Ondriška, Ján
Korporativný autor: Fakulta podnikového manažmentu EU. Katedra podnikových financií
Ďalší autori: Bikár, Miloš, 1973-
Médium: Kniha
Jazyk:Slovak
Vydavateľské údaje: Bratislava 2018
Tagy: Pridať tag
Žiadne tagy, Buďte prvý, kto otaguje tento záznam!

MARC

LEADER 00000nbm a2200000 4500
001 0244960
005 20180927103508.6
041 0 |a slo 
044 |a SK 
245 1 0 |a Dopad ekonomických sankcií na ekonomiku Ruska  |b bakalárska práca  |c Ján Ondriška ; školiteľ: Miloš Bikár 
264 1 |a Bratislava  |c 2018 
300 |a 70 s. 
100 1 |a Ondriška, Ján 
700 1 |a Bikár, Miloš, 1973- 
710 2 |a Fakulta podnikového manažmentu EU. Katedra podnikových financií